Three Plus Four Quiz Stats

 Plays Quiz Updated Jul 29, 2018

Score 0/30 Timer 05:00
0 Plays Today
Hint Answer % Correct
Yellow protagonist of Sesame StreetBig Bird
89.4%
State home to Buffalo and RochesterNew York
87.8%
US postal number, usually with 5 digitsZIP Code
87.4%
Action movie franchise featuring Bruce WillisDie Hard
86.4%
Facility used to clean motor vehiclesCar wash
85.6%
Product often genericized as ChapStickLip balm
82%
Former host of The Tonight ShowJay Leno
80.9%
Short test given without prior warningPop quiz
80.6%
Second most populous city in IsraelTel Aviv
76.8%
Cosmological model for the origin of the universeBig Bang
76.7%
Lead vocalist of Guns N' RosesAxl Rose
76.5%
Japanese island where a 1945 battle took placeIwo Jima
66.2%
Samuel Clemens' was Mark TwainPen name
65%
Phase when the lunar disk is invisibleNew moon
64.8%
'You Give Love a Bad Name' bandBon Jovi
63.4%
Hint Answer % Correct
Costa Rican capital or Silicon Valley citySan José
62.3%
Latin phrase meaning 'done without payment'Pro bono
60.7%
Rosh Hashanah or Chinese Spring Festival, e.g.New Year
60.4%
Chinese cabbage with smooth leavesBok choy
59.8%
Small citrus hybrid fruit often used in piesKey lime
59.7%
Design style exemplified by the Chrysler BuildingArt Deco
56.3%
West African island paired with PríncipeSão Tomé
56.2%
Texas senator who lost to Trump in 2016Ted Cruz
55.1%
Afro-sporting host of The Joy of PaintingBob Ross
47.6%
American clothing store owned by GapOld Navy
45.6%
Type of ocean mammal with large ear flapsSea lion
42.8%
Sign of danger or trouble, or a socialist symbolRed flag
39.6%
Current CEO of Apple Inc.Tim Cook
30.7%
Portrayed Sam Seaborn on The West WingRob Lowe
29.4%
Amorous character in The Trickster of SevilleDon Juan
19.5%

You're not logged in!

Compare scores with friends on all Sporcle quizzes.
OR
Log In

You Might Also Like...

Show Comments

Extras

Top Quizzes Today


Score Distribution

Your Account Isn't Verified!

In order to create a playlist on Sporcle, you need to verify the email address you used during registration. Go to your Sporcle Settings to finish the process.

Report this User

Report this user for behavior that violates our Community Guidelines.

Details: